000 01017ntaaa2200229 4500
003 01
005 20251027203344.0
008 0714s1973 ag 01
040 _aAR-BaBN
_bspa
_cAR-BaBN
_eaacr
_dRIC
100 _aFalla, Manuel de
_d1876-1946
_937488
245 _aNoches en los jardines de España ; Concierto en re mayor para clave con flauta, oboe, clarinete, violín y violoncelo ; Fantasía bética, para piano /
_cManuel de Falla
260 _aBuenos Aires :
_bViscontea [distribuidor],
_cc1979
300 _a1 disco son. (45 min., 19 seg.) ;
_canalógico, 33 1/3 rpm, estereo ; 12 plg.
490 _aLos grandes músicos ;
_v88
500 _aGyörgy Sándor, piano ; Orquesta de Radio Luxemburgo, Louis de Froment, director
500 _aClave: Martin Galling
500 _aPiano: György Sándor
500 _aFabricado por: CBS. Licencia de: Vox-Turnabout-MMG (The Moss Music Group)
500 _aDuraciones: 20 min., 55 seg. ; 13 min., 29 seg. ; 10 min., 55 seg.
650 _aMUSICA
942 _cBK
999 _c29064
_d29064